000 00626nam a22001937a 4500
005 20160527114840.0
010 _aENG-115168
020 _a9789385288738
_c450.00
035 _aEN-98700
037 _bDBAD/PUB
082 _a613.954
100 _aNagoski, Emily
245 _aCome as you are :
_cby Emily Nagoski
_bthe surprising new science that will transform your sex life /
260 _aNew Delhi
_bSpeaking Tiger
_c2015
270 _a4381/4, Ansari Road, Daryaganj,
_bNew Delhi
_e110002
300 _a389p.
_c20cm(pbk)
500 _aIncludes references and index
942 _2ddc
_cEN
_mNAG
_h613.954
999 _c100096
_d100096